LIBRARY & INFORMATION CENTRE, KCAET, TAVANUR

ONLINE PUBLIC ACCESS CATALOGUE (OPAC)

Outline studies in ecology: Plant-atmosphere relationship / (Record no. 7259)

MARC details
000 -LEADER
fixed length control field 00413cam a2200157ua 4500
020 ## - INTERNATIONAL STANDARD BOOK NUMBER
ISBN 0-412-23180-8
041 ## - LANGUAGE CODE
Language code of text/sound track or separate title eng
082 ## - DEWEY DECIMAL CLASSIFICATION NUMBER
Classification number 581.5
Item number GRA/OU
100 ## - MAIN ENTRY--AUTHOR NAME
Personal name Grace, J .
245 ## - TITLE STATEMENT
Title Outline studies in ecology: Plant-atmosphere relationship /
260 ## - PUBLICATION, DISTRIBUTION, ETC. (IMPRINT)
Place of publication London :
Name of publisher Chapman and Hall Ltd ,
Year of publication 1983.
300 ## - PHYSICAL DESCRIPTION
Number of Pages 92 ; .
942 ## - ADDED ENTRY ELEMENTS (KOHA)
Koha item type Books
Holdings
Withdrawn status Lost status Damaged status Home library Current library Date acquired Full call number Accession Number Koha item type
Withdrawn     KAUAET KAUAET 10/09/1986 581.5 GRA/OU 15762 Books
free website counter